[Event "Canarias-ch U16"]
[Site "Costa Teguise"]
[Date "2014.04.26"]
[Round "7"]
[White "Alvarez Alonso, Alberto"]
[Black "Pozo Vinuesa, Pedro"]
[Result "1-0"]
[WhiteElo "1635"]
[BlackElo "1556"]
[PlyCount "123"]
[EventDate "2014.04.24"]
[EventType "swiss"]
[EventRounds "7"]
[EventCountry "ESP"]
[SourceTitle "EXT 2016"]
[Source "ChessBase"]
[SourceDate "2015.10.08"]
[SourceVersion "1"]
[SourceVersionDate "2015.10.08"]
[SourceQuality "1"]

1. e4 c5 2. Nf3 Nc6 3. d4 cxd4 4. Nxd4 g6 5. c4 Bg7 6. Be3 Nf6 7. Nc3 0-0 8. Be2 Re8 9. 0-0 d6 10. Qd2 a6 11. Rac1 Bd7 12. Rfd1 Rc8 13. f3 Ne5 14. b3 Qc7 15. Nd5 Qb8 16. h3 Nxd5 17. cxd5 f6 18. f4 Nf7 19. Ne6 Bxe6 20. dxe6 Nd8 21. f5 g5 22. Rxc8 Qxc8 23. Rc1 Qb8 24. Bh5 Rf8 25. Bb6 Nc6 26. Be2 Rc8 27. g4 Ne5 28. a4 Rc6 29. Rxc6 bxc6 30. a5 Qb7 31. Qc2 c5 32. Kf2 Nc6 33. Bc4 Nb4 34. Qe2 Qa8 35. Kf3 Nc6 36. Ke3 Nb4 37. Qd2 Qb7 38. Bd5 Qc8 39. Kf3 Qb8 40. Qb2 Qc8 41. Qa3 Qb8 42. Qa4 Kf8 43. Qd7 Nxd5 44. exd5 Qa8 45. Ke4 Qb8 46. Qd8+ Qxd8 47. Bxd8 Ke8 48. Bb6 Kf8 49. Kd3 Ke8 50. Kc4 Kf8 51. Bxc5 Ke8 52. Bb6 h5 53. b4 hxg4 54. hxg4 Kf8 55. b5 axb5+ 56. Kxb5 Kg8 57. a6 Kh7 58. a7 Bf8 59. a8Q Bh6 60. Qe8 Bg7 61. Qxe7 Kh6 62. Qxd6 1-0

[Event "Tenerife-chT Preferente 1314"]
[Site "Tenerife"]
[Date "2014.04.12"]
[Round "14.3"]
[White "Pozo Vinuesa, Pedro"]
[Black "Abreu Suarez, Isauro"]
[Result "0-1"]
[WhiteElo "1557"]
[BlackElo "1996"]
[PlyCount "46"]
[EventDate "2013.12.14"]
[EventType "team-tourn"]
[EventRounds "14"]
[EventCountry "ESP"]
[SourceTitle "EXT 2015"]
[Source "ChessBase"]
[SourceDate "2014.11.20"]
[SourceVersion "1"]
[SourceVersionDate "2014.11.20"]
[SourceQuality "1"]
[WhiteTeam "Laguna Cotelec"]
[BlackTeam "Canarias 64"]
[WhiteTeamCountry "ESP"]
[BlackTeamCountry "ESP"]

1. e4 Nf6 2. e5 Nd5 3. d4 d6 4. c4 Nb6 5. exd6 cxd6 6. Nf3 g6 7. Nc3 Bg7 8. Be3 0-0 9. Be2 Bg4 10. h3 Bxf3 11. Bxf3 Nc6 12. 0-0 Nxc4 13. Qe2 Nxe3 14. fxe3 a6 15. Qc4 Rc8 16. Qd3 b5 17. Rac1 Nb8 18. Nd5 Rxc1 19. Rxc1 e6 20. Nc7 d5 21. Qa3 Qg5 22. Re1 Qg3 23. Re2 Qxc7 0-1

[Event "Tenerife-ch Juniors"]
[Site "Laguna-Cotelec"]
[Date "2014.03.21"]
[Round "9.2"]
[White "Perez Perez, Gabriel"]
[Black "Pozo Vinuesa, Pedro"]
[Result "0-1"]
[WhiteElo "1446"]
[BlackElo "1556"]
[PlyCount "130"]
[EventDate "2014.02.21"]
[EventType "swiss"]
[EventRounds "9"]
[EventCountry "ESP"]
[SourceTitle "EXT 2024"]
[Source "ChessBase"]
[SourceDate "2023.10.10"]
[SourceVersion "1"]
[SourceVersionDate "2023.10.10"]
[SourceQuality "1"]

1. e4 c6 2. d4 d5 3. Nd2 dxe4 4. Nxe4 Nd7 5. Nf3 Ngf6 6. Nxf6+ Nxf6 7. c3 Bf5 8. Bd3 Bxd3 9. Qxd3 e6 10. 0-0 Bd6 11. Bg5 h6 12. Bh4 0-0 13. a4 Re8 14. Rad1 Qe7 15. Rfe1 Rad8 16. Qc2 Bc7 17. Ne5 a6 18. b4 Rc8 19. f4 Bd8 20. f5 Qd6 21. fxe6 Rxe6 22. Bg3 Qe7 23. Nd3 Rxe1+ 24. Rxe1 Qd7 25. Nc5 Qd5 26. Nxb7 Bb6 27. Nc5 a5 28. Bf2 Qc4 29. Nb7 Ra8 30. Nxa5 Bxa5 31. bxa5 Rxa5 32. Rb1 Ra8 33. Rb4 Qd5 34. Qb2 Qg5 35. Rb8+ Rxb8 36. Qxb8+ Kh7 37. Qb1+ Kg8 38. h3 Nd5 39. c4 Nf4 40. Qf1 Nxh3+ 41. Kh2 Nf4 42. Bg3 Qh5+ 43. Kg1 Ne2+ 44. Kf2 Nxg3 45. Kxg3 Qg5+ 46. Kh2 Qh4+ 47. Kg1 Qxd4+ 48. Kh2 Qd6+ 49. Kh3 Qb4 50. Qf5 Qxc4 51. Qc8+ Kh7 52. Qf5+ g6 53. Qf6 Kg8 54. Qe7 Qxa4 55. Qe8+ Kg7 56. Qe5+ Kh7 57. Qe7 Qb3+ 58. Kh2 Qe6 59. Qd8 c5 60. Qc7 Qf5 61. g3 Qf2+ 62. Kh3 Qf1+ 63. Kh2 c4 64. Qe5 Qf2+ 65. Kh3 Qf5+ 0-1

[Event "Tenerife-ch Juniors"]
[Site "Laguna-Cotelec"]
[Date "2014.03.15"]
[Round "8.1"]
[White "Pozo Vinuesa, Pedro"]
[Black "Villavicencio Sanchez, Pedro"]
[Result "1-0"]
[WhiteElo "1556"]
[BlackElo "1747"]
[PlyCount "95"]
[EventDate "2014.02.21"]
[EventType "swiss"]
[EventRounds "9"]
[EventCountry "ESP"]
[SourceTitle "EXT 2024"]
[Source "ChessBase"]
[SourceDate "2023.10.10"]
[SourceVersion "1"]
[SourceVersionDate "2023.10.10"]
[SourceQuality "1"]

1. e4 c5 2. Nf3 e6 3. d4 cxd4 4. Nxd4 a6 5. Nc3 Qc7 6. g3 Bb4 7. Bd2 Nf6 8. Bg2 Nc6 9. Nb3 0-0 10. 0-0 Be7 11. Re1 d6 12. a3 Bd7 13. Rc1 Ne5 14. Qe2 Nc4 15. Rb1 Nxd2 16. Qxd2 Ng4 17. Rbd1 Ne5 18. Qc1 Rac8 19. Nd2 b5 20. Nf3 Nxf3+ 21. Bxf3 Bc6 22. Qe3 Bf6 23. Rd3 Rfd8 24. Rc1 Qe7 25. Rcd1 Bb7 26. Bg2 Rc4 27. h4 Qc7 28. e5 Bxg2 29. Kxg2 Be7 30. exd6 Rxd6 31. Rxd6 Bxd6 32. Qd3 Be7 33. Qd7 h6 34. Qe8+ Bf8 35. Rd7 Qc6+ 36. Kg1 f6 37. Qf7+ Kh7 38. Rd8 Bc5 39. h5 Bxf2+ 40. Kh2 Bg1+ 41. Kxg1 Qb6+ 42. Kf1 Qxd8 43. Qxe6 Qc8 44. Qd5 Qg4 45. Ne2 Re4 46. Qd3 f5 47. Nf4 Qh3+ 48. Nxh3 1-0

[Event "Tenerife-ch Juniors"]
[Site "Laguna-Cotelec"]
[Date "2014.03.08"]
[Round "6.5"]
[White "Pena Aragon, Sergio"]
[Black "Pozo Vinuesa, Pedro"]
[Result "0-1"]
[WhiteElo "1431"]
[BlackElo "1556"]
[PlyCount "54"]
[EventDate "2014.02.21"]
[EventType "swiss"]
[EventRounds "9"]
[EventCountry "ESP"]
[SourceTitle "EXT 2024"]
[Source "ChessBase"]
[SourceDate "2023.10.10"]
[SourceVersion "1"]
[SourceVersionDate "2023.10.10"]
[SourceQuality "1"]

1. c4 c6 2. Nf3 d5 3. Qa4 Bd7 4. e3 a6 5. Nc3 e6 6. d4 Nf6 7. a3 Be7 8. Qc2 0-0 9. Bd3 b5 10. cxd5 cxd5 11. b4 Nc6 12. 0-0 Rc8 13. Qd2 h6 14. Bb2 Re8 15. Rac1 Qb6 16. Rfd1 Nd8 17. e4 dxe4 18. Nxe4 Nxe4 19. Bxe4 Rxc1 20. Rxc1 Bc6 21. Bxc6 Nxc6 22. d5 Nb8 23. Ne5 Bg5 24. Qc3 Bxc1 25. Ba1 exd5 26. Nxf7 Qg6 27. Nd6 Bd2 0-1

[Event "Tenerife Navidad op 24th"]
[Site "Tenerife"]
[Date "2013.12.27"]
[Round "9"]
[White "Pozo Vinuesa, Pedro"]
[Black "Febles Dominguez, Alfonso Jesus"]
[Result "1-0"]
[WhiteElo "1557"]
[BlackElo "1428"]
[PlyCount "120"]
[EventDate "2013.12.13"]
[EventType "swiss"]
[EventRounds "9"]
[EventCountry "ESP"]
[SourceTitle "CBM 158 Extra"]
[Source "ChessBase"]
[SourceDate "2014.02.28"]
[SourceVersion "1"]
[SourceVersionDate "2014.02.28"]
[SourceQuality "1"]

1. e4 c5 2. Nf3 d6 3. d4 cxd4 4. Nxd4 e5 5. Nf3 a6 6. Nc3 Nf6 7. Bc4 Qc7 8. Bb3 Nc6 9. 0-0 Be7 10. Re1 0-0 11. Bg5 Bg4 12. h3 Bh5 13. Bxf6 Bxf6 14. Nd5 Qd8 15. c3 Na5 16. Bc2 Nc4 17. b3 Na3 18. Bd3 Nb5 19. c4 Nd4 20. Be2 Ne6 21. Qd2 Bg5 22. Nxg5 Bxe2 23. Nxe6 fxe6 24. Rxe2 exd5 25. Qxd5+ Kh8 26. Qxb7 Qa5 27. Qd5 Qc3 28. Rd1 Rad8 29. Red2 Qb4 30. c5 Rf6 31. cxd6 Rfxd6 32. Qxd6 Rxd6 33. Rxd6 h6 34. Rxa6 Qxe4 35. Rad6 Qc2 36. R6d2 Qc3 37. Rd3 Qc2 38. R1d2 Qc1+ 39. Kh2 Qa3 40. Re3 Qe7 41. Rde2 e4 42. Rxe4 Qd6+ 43. g3 Qa3 44. b4 Qd3 45. a4 Kh7 46. b5 Qd8 47. Re6 Qa5 48. R2e4 Qd2 49. Kg2 Qd5 50. b6 Qb7 51. a5 Qa6 52. R4e5 Qb7+ 53. Kg1 Qa6 54. Re7 Qc4 55. b7 Qc1+ 56. Kg2 Qc6+ 57. Re4 Qb5 58. a6 Qb6 59. Re8 Qxa6 60. b8Q Qc6 1-0

[Event "Tenerife Navidad op 24th"]
[Site "Tenerife"]
[Date "2013.12.19"]
[Round "5"]
[White "Pozo Vinuesa, Pedro"]
[Black "Garcia Lorenzo, Jaime"]
[Result "1-0"]
[WhiteElo "1557"]
[BlackElo "1205"]
[PlyCount "61"]
[EventDate "2013.12.13"]
[EventType "swiss"]
[EventRounds "9"]
[EventCountry "ESP"]
[SourceTitle "CBM 158 Extra"]
[Source "ChessBase"]
[SourceDate "2014.02.28"]
[SourceVersion "1"]
[SourceVersionDate "2014.02.28"]
[SourceQuality "1"]

1. e4 c6 2. d4 d5 3. e5 Bf5 4. Nc3 e6 5. Nf3 Ne7 6. Bg5 Nd7 7. Be2 c5 8. 0-0 h6 9. Bh4 Qc7 10. Nb5 Qc6 11. Nd6+ Kd8 12. Nxf7+ Ke8 13. Nxh8 g5 14. Bg3 Bg7 15. a4 Bxh8 16. c3 g4 17. Nh4 c4 18. b3 h5 19. Nxf5 Nxf5 20. Bf4 a6 21. f3 g3 22. hxg3 Ke7 23. g4 Ng7 24. Qe1 Kd8 25. bxc4 dxc4 26. Bg5+ Kc7 27. gxh5 Nf5 28. f4 Ne3 29. Bf3 Nc2 30. Qd2 Qb6 31. Rab1 1-0

[Event "Santa Cruz de Tenerife Amistad op"]
[Site "Santa Cruz de Tenerife"]
[Date "2013.09.18"]
[Round "5"]
[White "Pozo Vinuesa, Pedro"]
[Black "Gonzalez Diaz, Eusebio"]
[Result "1-0"]
[WhiteElo "1549"]
[BlackElo "1461"]
[PlyCount "49"]
[EventDate "2013.09.09"]
[EventType "swiss"]
[EventRounds "7"]
[EventCountry "ESP"]
[SourceTitle "CBM 156 Extra"]
[Source "ChessBase"]
[SourceDate "2013.10.22"]
[SourceVersion "1"]
[SourceVersionDate "2013.10.22"]
[SourceQuality "1"]

1. e4 e6 2. d4 d5 3. exd5 exd5 4. Nf3 Bd6 5. Nc3 Ne7 6. Bg5 Be6 7. Bd3 Nd7 8. 0-0 c6 9. Re1 Qc7 10. h3 h6 11. Bd2 0-0-0 12. a4 Rdg8 13. a5 a6 14. Na4 g5 15. Qe2 g4 16. hxg4 Bxg4 17. Qe3 Bh3 18. Bf1 Rg4 19. Ne5 Rxg2+ 20. Bxg2 Bxg2 21. Kxg2 Rg8+ 22. Kf1 Nf5 23. Qd3 Ng7 24. Nxd7 Qxd7 25. Nb6+ 1-0

[Event "Santa Cruz de Tenerife Amistad op"]
[Site "Santa Cruz de Tenerife"]
[Date "2013.09.16"]
[Round "4"]
[White "Martin Ortega, Oscar"]
[Black "Pozo Vinuesa, Pedro"]
[Result "1/2-1/2"]
[WhiteElo "1903"]
[BlackElo "1549"]
[PlyCount "180"]
[EventDate "2013.09.09"]
[EventType "swiss"]
[EventRounds "7"]
[EventCountry "ESP"]
[SourceTitle "CBM 156 Extra"]
[Source "ChessBase"]
[SourceDate "2013.10.22"]
[SourceVersion "1"]
[SourceVersionDate "2013.10.22"]
[SourceQuality "1"]

1. e4 c6 2. d4 d5 3. Nc3 dxe4 4. Nxe4 Nd7 5. Bc4 e6 6. Nf3 Ngf6 7. Nxf6+ Nxf6 8. c3 Bd6 9. Qe2 0-0 10. Bg5 h6 11. Bh4 b5 12. Bd3 Bb7 13. 0-0-0 a5 14. Bxf6 Qxf6 15. Kb1 b4 16. Qe4 Rfb8 17. Ne5 Bxe5 18. dxe5 Qd8 19. Qh7+ Kf8 20. Bg6 Qg5 21. Rd7 Qxg6+ 22. Qxg6 fxg6 23. Rhd1 Ba6 24. cxb4 Rxb4 25. R1d6 Rab8 26. Rd2 Bc4 27. Ra7 Bd5 28. Rxa5 Re4 29. f4 Rxf4 30. Kc2 Rd8 31. Re2 Rg4 32. g3 Re4 33. Rf2+ Ke7 34. Ra7+ Rd7 35. Rxd7+ Kxd7 36. Rf7+ Ke8 37. Rxg7 Rxe5 38. a4 Re2+ 39. Kc3 Re3+ 40. Kc2 Re4 41. Rxg6 Rxa4 42. Rxh6 Kf7 43. Kc3 Kg7 44. Rh5 Rc4+ 45. Kd3 Rb4 46. Kc3 Rb3+ 47. Kc2 Rf3 48. Kd2 Kg6 49. Rh8 Rf7 50. Rh4 Rf5 51. Kd3 Rh5 52. Rg4+ Kf5 53. Rf4+ Ke5 54. Rf2 Rf5 55. Re2+ Kf6 56. b4 Rf3+ 57. Kd4 Rb3 58. Kc5 Rc3+ 59. Kd6 Rc4 60. Rb2 Kg5 61. Ke5 Kg4 62. b5 cxb5 63. Rxb5 Rc2 64. Rb4+ Kh5 65. Rb8 Kg6 66. h4 Re2+ 67. Kd4 Rg2 68. Rg8+ Kh7 69. Rg5 Kh6 70. Ke3 Ra2 71. Kd4 Ra4+ 72. Ke5 Ra5 73. Kf6 Ra2 74. Rg6+ Kh5 75. Rg5+ Kh6 76. Rg6+ Kh7 77. h5 Rf2+ 78. Kg5 Rf5+ 79. Kh4 e5 80. g4 Rf4 81. Rg5 Re4 82. Rf5 Be6 83. Rg5 Re1 84. Rg6 Bd5 85. Rd6 Ba2 86. Kg5 Rf1 87. Rd7+ Kg8 88. Re7 Re1 89. h6 Bb1 90. Kf6 Rf1+ 1/2-1/2

[Event "Tenerife-ch U16"]
[Site "Santa Cruz de Tenerife"]
[Date "2013.02.15"]
[Round "7"]
[White "Rodriguez Redondo, Adhara"]
[Black "Pozo Vinuesa, Pedro"]
[Result "0-1"]
[WhiteElo "1298"]
[BlackElo "1546"]
[PlyCount "104"]
[EventDate "2013.02.09"]
[EventType "swiss"]
[EventRounds "9"]
[EventCountry "ESP"]
[SourceTitle "EXT 2015"]
[Source "ChessBase"]
[SourceDate "2014.11.20"]
[SourceVersion "1"]
[SourceVersionDate "2014.11.20"]
[SourceQuality "1"]

1. e4 c6 2. d4 d5 3. exd5 cxd5 4. Nf3 Nc6 5. Nc3 Bf5 6. Bb5 e6 7. 0-0 Nf6 8. Bf4 Be7 9. Re1 0-0 10. a3 a6 11. Ba4 Rc8 12. h3 b5 13. Bb3 Ne4 14. Nxe4 dxe4 15. Nd2 Qxd4 16. c3 Qd3 17. Re3 Qd8 18. Nxe4 Bxe4 19. Rxe4 Qb6 20. Be3 Qb7 21. Qc2 Na5 22. Ba2 Nc4 23. Bxc4 Rxc4 24. Rxc4 bxc4 25. Bf4 Rd8 26. Re1 Bf6 27. Re4 Qd5 28. Be3 Be5 29. Bd4 Bc7 30. Rh4 h6 31. Rg4 e5 32. Be3 Qe6 33. Qe2 f5 34. Rxc4 Bb8 35. Bf4 Qd6 36. Be3 Kh7 37. g3 f4 38. gxf4 exf4 39. Qc2+ Kh8 40. Bd4 f3 41. Kf1 Qh2 42. Ke1 Qg1+ 43. Kd2 Bf4+ 44. Kd3 Qf1+ 45. Ke4 Qe2+ 46. Qxe2 fxe2 47. Kxf4 e1Q 48. Be3 Rf8+ 49. Kg3 Qg1+ 50. Kh4 Qf1 51. Rf4 Rxf4+ 52. Bxf4 g5+ 0-1

[Event "Tenerife-ch U16"]
[Site "Santa Cruz de Tenerife"]
[Date "2013.02.12"]
[Round "4"]
[White "Pozo Vinuesa, Pedro"]
[Black "Pozo Vinuesa, Ana"]
[Result "0-1"]
[WhiteElo "1546"]
[BlackElo "1414"]
[PlyCount "92"]
[EventDate "2013.02.09"]
[EventType "swiss"]
[EventRounds "9"]
[EventCountry "ESP"]
[SourceTitle "EXT 2015"]
[Source "ChessBase"]
[SourceDate "2014.11.20"]
[SourceVersion "1"]
[SourceVersionDate "2014.11.20"]
[SourceQuality "1"]

1. e4 c5 2. Nf3 Nc6 3. d4 cxd4 4. Nxd4 g6 5. c4 Bg7 6. Be3 Nf6 7. Nc3 0-0 8. Be2 d6 9. 0-0 Bd7 10. Qd2 Nxd4 11. Bxd4 Bc6 12. f3 Rc8 13. Rac1 b6 14. Kh1 Bb7 15. b3 Nd7 16. Bxg7 Kxg7 17. Nd5 Bxd5 18. cxd5 a5 19. h3 Nc5 20. Rc3 Qc7 21. Rfc1 Qb7 22. Qb2 Kg8 23. Qc2 b5 24. a3 b4 25. axb4 axb4 26. Rc4 Ra8 27. Rb1 Ra3 28. Rb2 Rfa8 29. Kh2 Qb6 30. f4 Ra1 31. Bf3 h5 32. Qd2 Na6 33. h4 Qg1+ 34. Kg3 f6 35. f5 gxf5 36. exf5 Kh7 37. Bxh5 Rg8+ 38. Bg4 Rf1 39. Re4 Rg7 40. Qe2 Nc5 41. Rxe7 Qd4 42. Rxg7+ Kxg7 43. Qxf1 Qxb2 44. Qc4 Qe5+ 45. Kh3 Ne4 46. Qc7+ Kh6 0-1

[Event "Cotelec Laguna op"]
[Site "Cotelec"]
[Date "2012.10.19"]
[Round "1"]
[White "Rodriguez Sabater, Lucia Iris"]
[Black "Pozo Vinuesa, Pedro"]
[Result "0-1"]
[WhiteElo "1057"]
[BlackElo "1538"]
[PlyCount "100"]
[EventDate "2012.10.19"]
[EventType "swiss"]
[EventRounds "7"]
[EventCountry "ESP"]
[SourceTitle "EXT 2014"]
[Source "ChessBase"]
[SourceDate "2013.11.20"]
[SourceVersion "1"]
[SourceVersionDate "2013.11.20"]
[SourceQuality "1"]

1. e4 c6 2. d4 d5 3. Nc3 dxe4 4. Nxe4 Nd7 5. Nf3 Ngf6 6. Bd3 e6 7. Be3 Be7 8. a3 0-0 9. 0-0 Re8 10. Neg5 h6 11. Ne4 Nb6 12. Ne5 Nbd5 13. Bd2 Qb6 14. c3 Nxe4 15. Bxe4 Qxb2 16. Nc4 Qb5 17. Bd3 Rd8 18. a4 Qa6 19. a5 c5 20. dxc5 Bxc5 21. Bg5 hxg5 22. Nb6 Nxb6 23. Bxa6 Rxd1 24. Raxd1 Na4 25. Rd8+ Kh7 26. Bd3+ g6 27. Rc1 a6 28. c4 Bb4 29. Rd4 Bxa5 30. Rg4 Bd8 31. c5 Nb2 32. Be2 Bf6 33. Rg3 a5 34. Rh3+ Kg7 35. Rc2 a4 36. Ra3 Bd7 37. h3 Bc6 38. Kh2 Rd8 39. Ra2 Nd3 40. Bxd3 Rxd3 41. Rc1 a3 42. g3 Bb2 43. Re1 Bd5 44. Rxb2 axb2 45. Rb1 Rd2 46. h4 Be4 47. c6 bxc6 48. Rxb2 Rxb2 49. Kg1 Rb1+ 50. Kh2 Rh1# 0-1

[Event "Cotelec Laguna op"]
[Site "Cotelec"]
[Date "2012.08.22"]
[Round "6"]
[White "Quintero Perdomo, Alberto"]
[Black "Pozo Vinuesa, Pedro"]
[Result "1-0"]
[WhiteElo "1960"]
[BlackElo "1515"]
[PlyCount "111"]
[EventDate "2012.08.17"]
[EventType "swiss"]
[EventRounds "9"]
[EventCountry "ESP"]
[SourceTitle "CBM 150 Extra"]
[Source "ChessBase"]
[SourceDate "2012.10.19"]
[SourceVersion "1"]
[SourceVersionDate "2012.10.19"]
[SourceQuality "1"]

1. d4 d5 2. Nf3 e6 3. Bf4 Nd7 4. Nc3 Ngf6 5. Nb5 Bb4+ 6. c3 Ba5 7. b4 Bb6 8. e3 Ne4 9. a4 a6 10. Na3 Nxc3 11. Qc2 Ne4 12. a5 Ba7 13. Bxc7 Qe7 14. Rb1 Ndf6 15. Bd3 Bd7 16. Be5 Rc8 17. Qb2 0-0 18. 0-0 Nc3 19. Bxf6 gxf6 20. Rbc1 Na4 21. Qd2 Bb8 22. Rfe1 Bd6 23. Rb1 Nc3 24. Qb2 Nxb1 25. Rxb1 Rc7 26. Ne1 e5 27. Nac2 e4 28. Bf1 Rfc8 29. Qa2 f5 30. g3 h5 31. h4 Kh7 32. b5 Rg8 33. Ng2 Be6 34. bxa6 bxa6 35. Kh2 Bc8 36. Nce1 Qe6 37. Rb6 Qe7 38. Qe2 Rg6 39. Nf4 Bxf4 40. exf4 Rh6 41. Ng2 f6 42. Ne3 Qf7 43. Bh3 Kg8 44. Bxf5 Bxf5 45. Nxf5 Rh8 46. Qxa6 Ra7 47. Qb5 Kh7 48. Ne3 Rd8 49. a6 Rdd7 50. f5 Kh6 51. Re6 Re7 52. Qxd5 Rad7 53. Qxe4 Ra7 54. d5 Rxa6 55. Rxe7 Qf8 56. Qf4# 1-0

[Event "Cotelec Laguna op"]
[Site "Cotelec"]
[Date "2012.08.19"]
[Round "3"]
[White "Alvarez Alonso, Alberto"]
[Black "Pozo Vinuesa, Pedro"]
[Result "0-1"]
[WhiteElo "1566"]
[BlackElo "1515"]
[PlyCount "76"]
[EventDate "2012.08.17"]
[EventType "swiss"]
[EventRounds "9"]
[EventCountry "ESP"]
[SourceTitle "CBM 150 Extra"]
[Source "ChessBase"]
[SourceDate "2012.10.19"]
[SourceVersion "1"]
[SourceVersionDate "2012.10.19"]
[SourceQuality "1"]

1. d4 d5 2. e3 Nf6 3. c4 e6 4. a3 Nbd7 5. Nc3 a6 6. Nf3 Be7 7. cxd5 exd5 8. Bd3 0-0 9. 0-0 c5 10. Qc2 c4 11. Be2 b5 12. Bd2 Re8 13. Rfe1 Bf8 14. Bf1 Nb6 15. Rad1 g6 16. Bc1 Bf5 17. Qd2 Bh6 18. Be2 Qc7 19. h3 Re7 20. Ne5 Rae8 21. Bf3 Ne4 22. Nxe4 dxe4 23. Ng4 Bg7 24. Be2 h5 25. Nh2 Nd5 26. f3 g5 27. fxe4 Bxe4 28. Bf3 Nf6 29. Qf2 h4 30. Bd2 Bd3 31. Ng4 Ne4 32. Bxe4 Bxe4 33. Bb4 Rd7 34. Nf6+ Bxf6 35. Qxf6 Re6 36. Qxg5+ Rg6 37. Qxh4 Rxg2+ 38. Kf1 Qh2 0-1

[Event "ESP-ch U14"]
[Site "Salobrena"]
[Date "2012.07.09"]
[Round "1"]
[White "Perez Tores, Juan Miguel"]
[Black "Pozo Vinuesa, Pedro"]
[Result "1-0"]
[WhiteElo "1834"]
[BlackElo "1525"]
[PlyCount "39"]
[EventDate "2012.07.09"]
[EventType "swiss"]
[EventRounds "9"]
[EventCountry "ESP"]
[SourceTitle "EXT 2014"]
[Source "ChessBase"]
[SourceDate "2013.11.20"]
[SourceVersion "1"]
[SourceVersionDate "2013.11.20"]
[SourceQuality "1"]

1. e4 c6 2. Nc3 d5 3. Qf3 Nf6 4. e5 Ng4 5. d4 Qb6 6. Nge2 Nh6 7. Bxh6 gxh6 8. 0-0-0 Bd7 9. Nf4 e6 10. Nh5 Be7 11. Qg4 a5 12. Qg7 Rf8 13. Qxh6 a4 14. a3 c5 15. dxc5 Bxc5 16. Nf6+ Ke7 17. Ncxd5+ exd5 18. Nxd5+ Ke8 19. Nxb6 Bxb6 20. Qxb6 1-0

[Event "Canarias-ch 29th"]
[Site "Amurga de San Fdo Maspal"]
[Date "2011.05.29"]
[Round "7"]
[White "Pozo Vinuesa, Pedro"]
[Black "Gonzalez Mohamed, Riduan"]
[Result "0-1"]
[WhiteElo "1504"]
[BlackElo "1634"]
[PlyCount "110"]
[EventDate "2011.05.27"]
[EventType "swiss"]
[EventRounds "7"]
[EventCountry "ESP"]
[SourceTitle "EXT 2013"]
[Source "ChessBase"]
[SourceDate "2012.11.22"]
[SourceVersion "1"]
[SourceVersionDate "2012.11.22"]
[SourceQuality "1"]

1. e4 Nf6 2. e5 Nd5 3. d4 d6 4. Nf3 Nc6 5. c4 Nb6 6. exd6 exd6 7. Be2 Be7 8. 0-0 Bg4 9. Be3 0-0 10. b3 Bf6 11. Nbd2 Bf5 12. Rc1 Re8 13. Re1 Qd7 14. Nf1 Rad8 15. Ng3 Bg6 16. Bd3 Bxd3 17. Qxd3 g6 18. Bg5 Bxg5 19. Nxg5 Kg7 20. N3e4 d5 21. Nc5 dxc4 22. bxc4 Qxd4 23. Qxd4+ Nxd4 24. Kf1 Rxe1+ 25. Kxe1 Re8+ 26. Kf1 Re5 27. Nge4 f5 28. f4 Re7 29. Nf2 Ne6 30. Ncd3 c6 31. g3 Nf8 32. c5 Nd5 33. Kg1 Re2 34. Ra1 Nd7 35. Nh3 h6 36. a3 Rc2 37. Nb4 Rxc5 38. Nf2 Rb5 39. Nfd3 Nxb4 40. Nxb4 a5 41. Nd3 Rb3 42. Ne1 Nb6 43. Nc2 Kf6 44. Kf1 Rb2 45. Rc1 Nc4 46. Kg1 Ke6 47. Nd4+ Kd5 48. Rd1 Rd2 49. Rxd2 Nxd2 50. Ne2 Nc4 51. Nc3+ Kd4 52. Nb1 a4 53. Kf2 Kd3 54. h4 Kc2 55. g4 h5 0-1

[Event "Canarias-ch 29th"]
[Site "Amurga de San Fdo Maspal"]
[Date "2011.05.28"]
[Round "6"]
[White "Pozo Vinuesa, Elena"]
[Black "Pozo Vinuesa, Pedro"]
[Result "0-1"]
[WhiteElo "1539"]
[BlackElo "1504"]
[PlyCount "42"]
[EventDate "2011.05.27"]
[EventType "swiss"]
[EventRounds "7"]
[EventCountry "ESP"]
[SourceTitle "EXT 2013"]
[Source "ChessBase"]
[SourceDate "2012.11.22"]
[SourceVersion "1"]
[SourceVersionDate "2012.11.22"]
[SourceQuality "1"]

1. e4 c6 2. d4 d5 3. Nc3 dxe4 4. Nxe4 Nd7 5. Nf3 Ngf6 6. Ng3 e6 7. Be2 Be7 8. 0-0 0-0 9. Bg5 h6 10. Be3 Qc7 11. c4 Ng4 12. h3 Nxe3 13. fxe3 Qxg3 14. Qd3 c5 15. Nh2 Bd6 16. Ng4 Bb8 17. Rf3 Qc7 18. e4 h5 19. Ne3 a6 20. Nf1 cxd4 21. Qxd4 Ba7 0-1

[Event "Canarias-ch 29th"]
[Site "Amurga de San Fdo Maspal"]
[Date "2011.05.27"]
[Round "2"]
[White "Aguila Hernandez, Eduardo"]
[Black "Pozo Vinuesa, Pedro"]
[Result "1/2-1/2"]
[WhiteElo "1701"]
[BlackElo "1504"]
[PlyCount "87"]
[EventDate "2011.05.27"]
[EventType "swiss"]
[EventRounds "7"]
[EventCountry "ESP"]
[SourceTitle "EXT 2013"]
[Source "ChessBase"]
[SourceDate "2012.11.22"]
[SourceVersion "1"]
[SourceVersionDate "2012.11.22"]
[SourceQuality "1"]

1. e4 c6 2. d4 d5 3. Nc3 dxe4 4. Nxe4 Nd7 5. Bd3 Ngf6 6. Nf3 e6 7. 0-0 Be7 8. Re1 0-0 9. Bf4 Nd5 10. Bg3 N7f6 11. c3 Re8 12. Ne5 Nxe4 13. Bxe4 Nf6 14. Bc2 a5 15. Qf3 Qd5 16. Be4 Qd8 17. Rad1 Rf8 18. Bxc6 Qb6 19. Be4 Nxe4 20. Rxe4 Qxb2 21. Re2 Qb5 22. Qd3 Qxd3 23. Nxd3 b6 24. Rb1 Ba6 25. Rd2 Bd8 26. Nb2 Rc8 27. Na4 Rc4 28. Nxb6 Bxb6 29. Rxb6 Rxc3 30. h3 Rc1+ 31. Kh2 Bf1 32. Rdb2 Rcc8 33. Rb7 Ra8 34. Rd7 Ba6 35. Rb6 Bc8 36. Re7 Rd8 37. Bc7 Rf8 38. Rd6 Ra7 39. a4 h6 40. g4 g5 41. Kg3 Kg7 42. Bd8 Rxd8 43. Rxd8 Rxe7 44. Rxc8 1/2-1/2

[Event "La Laguna U18"]
[Site "La Laguna"]
[Date "2011.05.18"]
[Round "7.7"]
[White "Pozo Vinuesa, Pedro"]
[Black "Rodriguez Lapetra, Javier"]
[Result "1-0"]
[WhiteElo "1504"]
[BlackElo "1410"]
[PlyCount "63"]
[EventDate "2011.05.14"]
[EventType "swiss"]
[EventRounds "9"]
[EventCountry "ESP"]
[SourceTitle "EXT 2024"]
[Source "ChessBase"]
[SourceDate "2023.10.10"]
[SourceVersion "1"]
[SourceVersionDate "2023.10.10"]
[SourceQuality "1"]

1. e4 e5 2. Nf3 Nc6 3. d4 exd4 4. Bc4 Bc5 5. c3 dxc3 6. Bxf7+ Kxf7 7. Qd5+ Ke8 8. Qxc5 cxb2 9. Bxb2 Nge7 10. Bxg7 Rg8 11. Qh5+ Ng6 12. Qxh7 Nce7 13. Nc3 c6 14. Nd4 d6 15. Nf5 Bxf5 16. exf5 Nf8 17. Qh5+ Kd7 18. f6 Neg6 19. Qg4+ Ne6 20. Qxg6 Nxg7 21. fxg7 Qe7+ 22. Ne2 Rxg7 23. Qf5+ Kd8 24. Rd1 Kc7 25. Qa5+ b6 26. Qc3 Re8 27. 0-0 Qg5 28. Ng3 Rh8 29. Qa3 Qh6 30. Qxa7+ Kd8 31. Qxb6+ Ke7 32. Nf5+ 1-0

[Event "La Laguna U18"]
[Site "La Laguna"]
[Date "2011.05.15"]
[Round "3.8"]
[White "Pozo Vinuesa, Pedro"]
[Black "Isasa Martin, Carlos Ignacio"]
[Result "1-0"]
[WhiteElo "1504"]
[BlackElo "1270"]
[PlyCount "31"]
[EventDate "2011.05.14"]
[EventType "swiss"]
[EventRounds "9"]
[EventCountry "ESP"]
[SourceTitle "EXT 2024"]
[Source "ChessBase"]
[SourceDate "2023.10.10"]
[SourceVersion "1"]
[SourceVersionDate "2023.10.10"]
[SourceQuality "1"]

1. e4 Nf6 2. e5 Nd5 3. d4 d6 4. Nf3 dxe5 5. Nxe5 f6 6. Qh5+ g6 7. Nxg6 hxg6 8. Qxh8 Nb4 9. Na3 Qxd4 10. Bh6 Qe4+ 11. Be2 Nxc2+ 12. Nxc2 Qxc2 13. Qxf8+ Kd7 14. Rd1+ Kc6 15. Bf3+ Kb6 16. Be3+ 1-0